Loading...
Does he know a mothers heart- how suffering refutes religions
| Main Author: | |
|---|---|
| Format: | Printed Book |
| Published: |
2011.0
|
| LEADER | 00332nam a2200109 4500 | ||
|---|---|---|---|
| 082 | |||
| 100 | |a Arun Shourie | ||
| 245 | |a Does he know a mothers heart- how suffering refutes religions |c Arun Shourie | ||
| 260 | |a 2011.0 | ||
| 942 | |c BK | ||
| 999 | |c 198987 |d 198987 | ||
| 952 | |0 0 |1 0 |4 0 |7 0 |9 212336 |a DCI |b DCI |d 2019-10-29 |l 0 |p DCI5720 |r 2019-10-29 |w 2019-10-29 |y BK | ||